000 00254nam a2200097Ia 4500
005 20251222114402.0
008 251222s1900||||xx |||||||||||||| ||spa||
082 _aDVD0050/B78/2000
245 0 _aLos expedientes X la pelĂ­cula.:The x files movie
942 _cDVD
999 _c1692
_d1692